| 000 | 01589cad a22002415a 4500 | ||
|---|---|---|---|
| 001 | L154689 | ||
| 008 | 120112e20091222xxk f 000 0 eng d | ||
| 035 | _a(Sirsi) u154689 | ||
| 041 | 0 | _aeng | |
| 245 | 0 | 0 |
_aPersimmon Homes (Midlands) Ltd and ors v Secretary of State for Transport _h[electronic resource] |
| 260 | _c2009 | ||
| 520 | _a[2009] UKUT 126 (LC), 22 December 2009. Concerns the determination of the compensation payable by SoS for Transport for the compulsory acquisition of land at Clapham, Bedfordshire.The parties had agreed that the principal issue was whether planning permission would have been likely to be obtained by the valuation date for residential development of the land in the absence of the bypass scheme. "Held": Issues determined. When determining compensation payable following the compulsory acquisition of land for a bypass where planning permission for a residential development had been sought, the preferred approach was to consider the prospects as at the valuation date of obtaining planning permission on the land, on the assumption that the scheme was cancelled. | ||
| 590 | _aKA | ||
| 650 | 2 | 4 | _aPERSIMMON HOMES (MIDLANDS) LTD AND ORS V SOS FOR TRANSPORT |
| 650 | 2 | 4 | _aURBAN EDGE GROUP LTD V LONDON UNDERGROUND LTD |
| 650 | 2 | 4 | _aLAND COMPENSATION ACT 1961 |
| 650 | 2 | 4 | _aHIGHWAYS ACT 1980 S261 |
| 651 | 4 |
_aEngland and Wales _y1543- |
|
| 690 |
_aSales _96269 |
||
| 690 |
_aValuation _96273 |
||
| 856 | 4 | 0 |
_uhttps://www.bailii.org/uk/cases/UKUT/LC/2009/ACQ_196_2006.html _zView the law report free of charge at www.bailii.org |
| 942 | _n0 | ||
| 999 |
_c113106 _d113106 |
||